000 00502nam a2200193Ia 4500
008 101110s9999 xx 000 0 und d
041 _aENGLISH
082 _bSR18472
_a821.009
100 _aJalali R.K.
245 _aGeoffrey Chaucer The Nun's Priest's Tale
365 _b36
520 _aEnglish
546 _aENGLISH
630 _aGeoffrey Chaucer The Nun's Priest's Tale
650 _aEnglish
655 _aEnglish
730 _aGeoffrey Chaucer The Nun's Priest's Tale
942 _cBOOK
999 _c811938
_d811935